000 00766cam a22002653a 4500
001 5254
003 PGUSA
005 20140828083117.0
008 040301s2004||||xxu|||||s|||||000 1 eng d
040 _aPGUSA
_beng
042 _adc
050 4 _aPS
050 4 _aPZ
100 1 _aHawley, Mabel C.
245 1 0 _aFour Little Blossoms on Apple Tree Island
_h[electronic resource] /
_cMabel C. Hawley
260 _bProject Gutenberg,
_c2004
506 _aPublic domain in the USA.
516 _aElectronic text
653 _aVacations -- Juvenile fiction
653 _aFamilies -- Juvenile fiction
653 _aBrothers and sisters -- Juvenile fiction
830 0 _aProject Gutenberg
_v5254
856 4 0 _uhttp://www.gutenberg.org/ebooks/5254
942 _cEB
999 _c234583
_d234583